000 00434 a2200145 4500
005 20250501095726.0
020 _a978 0 7494 6810 1
082 _a658.15 MAR
100 _aMARSH, C.
245 _aBusiness and Financial Model : Strategic Success Series
260 _aLondon,
_bKoganpage,
_c2013.
300 _aX, 281p.: ill.; figure, table
_bIndex
_c21cm.
856 _yAccess Online Book
_fFinancial
_dwww.koganpage.com
942 _2ddc
_cBKS
999 _c1883
_d1883